000 00292nam a22001337a 4500
008 181029b xxu||||| |||| 00| 0 eng d
020 _a0321290607
041 _aeng
080 _26th
_a371
100 _a46
101 _aEDU
245 _aThe Longwood Reader
_cDornan,E.A
942 _2udc
_cBK
999 _c50976
_d50976